Paris Saint Germain - Tous les joueurs de 2000 à 2010 - Statistiques

Statistiques générales
  • Ce quiz a été pris 34 fois
  • Le résultat moyen est 40 sur 124
Statistiques - réponses
Saisons Nationalité Joueur Nombre
De Matchs
Poste % Correct
2001 - 2003 Brésil Ronaldinho 77 M/A
100%
1998 - 2002 Nigéria Jay - JayOkocha 113 M
94%
2003 - 2008 Portugal Pedro MiguelPauleta 211 A
94%
2008 - 2011 France ClaudeMakélélé 118 M
89%
2006 - 20132014 - 2015 France ClementChantome 249 M
89%
2008 - 2013 France GuillaumeHoarau 161 A
89%
2006 - 2009 France MickaelLandreau 151 G
89%
2006 - 2013 France PéguyLuyindula 180 A
89%
2004 - 2009 France JeromeRothen 180 M
83%
2009 - 2012 Turquie MevlutErding 110 A
83%
1995 - 19972000 - 2002 France NicolasAnelka 69 A
83%
2004 - 2013 France SylvainArmand 380 D
83%
2007 - 2011 Arménie ApoulaEdel 71 G
78%
2007 - 2012 Brésil Ceara 197 D
78%
2008 - 2011 France LudovicGiuly 125 M/A
78%
2006 - 2013 France MamadouSakho 201 D
78%
2001 - 2004 Argentine GabrielHeinze 132 D
72%
2000 - 2006 France LionelLetizi 196 G
72%
2004 - 2008 Colombie MarioYepes 143 D
72%
2009 - 2014 France ChristopheJallet 198 D
67%
2009 - 2011 France GrégoryCoupet 41 G
67%
2006 - 2011 France JérémyClément 192 M
67%
2001 - 2008 France JéromeAlonzo 101 G
67%
2000 - 20022003 - 2008 France BernardMendy 247 D
61%
2000 - 2003 Argentine MauricioPochettino 95 D
61%
2006 - 20072008 - 2011 Mali SammyTraoré 96 D
61%
2008 - 2011 Bénin StéphaneSessègnon 105 M
61%
2007 - 2015 France ZoumanaCamara 224 D
61%
2008 - 2011 Haiti Jean - EudesMaurice 53 A
56%
1996 - 20002001 - 2003 France JeromeLeroy 170 M
50%
1998 - 2003 France LaurentLeroy 91 A
50%
2001 - 2004 France FabriceFiorèse 102 A
44%
2000 - 2002 Espagne MikelArteta 53 M
44%
1998 - 2001 Sénégal AliouCissé 61 M
39%
1997 - 19981999 - 2002 2004 - 2007 France EdouardCissé 259 M
39%
2004 - 20072008 - 2009 France FabricePancrate 132 A
39%
2003 - 2004 Argentine Juan PabloSorin 26 D/M
39%
1999 - 2001 France LaurentRobert 84 A
39%
2002 - 2005 Albanie LorikCana 81 M
39%
2008 - 2011 Serbie MatejaKezman 53 A
39%
1999 - 2001 Algéria AliBenarbia 62 M
33%
2000 - 2004 France FrédéricDéhu 167 D
33%
2007 - 2008 Brésil Souza 17 M
33%
2000 - 2001 France StéphaneDalmat 26 M
33%
2005 - 2006 France VikashDhorasoo 43 M
33%
2001 - 2005 Nigéria BartholomewOgbeche 75 A
28%
2005 - 2007 CoteD'Ivoire BonaventureKalou 72 A
28%
2004 - 2005 Martinique Charles - EdouardCoridon 29 M
28%
1999 - 2001 Brésil Christian 71 A
28%
2005 - 2007 Uruguay CristianRodriguez 50 M/A
28%
2003 - 2005 Serbie DanielLjuboja 56 A
28%
1999 - 20002003 - 2004 Guinée KabaDiawara 20 A
28%
2003 - 2006 Cameroun ModesteM'Bami 101 M
28%
2000 - 2001 France PeterLuccin 38 M
28%
1999 - 2004 Maroc TalalEl Karkouri 113 D
28%
2000 - 2001 Brésil Vampeta 8 M
28%
2002 - 2004 France AliouneTouré 35 A
22%
2006 - 2008 CoteD'Ivoire AmaraDiané 89 A
22%
2002 - 2003 Brésil AndréLuiz 23 M
22%
2005 - 2006 France ChristopheLandrin 29 M
22%
1995 - 19992000 - 2003 France DidierDomi 114 D
22%
1997 - 2001 Madagascar EricRabésandratana 135 M
22%
1889 - 19961997 - 1999
2001 - 2003
France FrancisLlacer 248 D
22%
2001- 2004 Portugal HugoLeal 75 M
22%
2003 - 2005 Martinique José - KarlPierre - Fanfan 85 D
22%
2001 - 2003 France LionelPotillon 77 D
22%
2007 - 2010 France LorisArnaud 30 A
22%
2006 - 2008 Argentine MarceloGallardo 28 M
22%
2002 - 2003 Argentine MartinCardetti 26 A
22%
2006 - 2008 France Pierre - AlainFrau 49 A
22%
2001 - 2005 Tunisie SelimBenachour 43 M
22%
2000 - 2001 France SylvainDistin 45 D
22%
2008 - 2011 France TripyMakonda 27 D
22%
2001 - 2002 Brésil AlexDias 28 A
17%
2005 - 2007 Sénégal BoukaryDramé 38 D
17%
2003 - 2005 Monténégro BrankoBoskovic 47 M
17%
2006 - 2007 France DavidHellebuyck 19 M
17%
2007 - 2008 France DidierDigard 19 M
17%
1998 - 2001 France DominiqueCasagrande 23 G
17%
2003 - 2004 France EricCubilier 19 D
17%
1999 - 2001 Nigéria GodwinOkpara 21 D
17%
1996 - 2001 France JimmyAlgérino 176 D
17%
2002 - 20042005 - 2007 Brésil PauloCésar 67 M
17%
2000 - 2001 Espagne QuiqueDe Lucas 5 A
17%
2004 - 2006 Russie SergeySemak 31 M
17%
2001 - 2002 Luxembourg StéphaneGillet 1 G
17%
2002 - 2003 France StéphanePedron 17 M
17%
2007 - 2010 Sénégal YounousseSankharé 47 M
17%
2001 - 2002 Portugal Agostinho 10 A
11%
2006 - 20072009 - 2010 Cameroun AlbertBaning 5 M
11%
2002 - 2003 Ghana AlexNyarko 24 M
11%
2005 - 2006 Uruguay CarlosBueno 16 A
11%
2007 - 2008 Brésil EvertonSantos 3 A
11%
1999 - 2001 France FabriceAbriel 5 M
11%
2003 - 20042005 - 2006 CoteD'Ivoire FranckDja Djédjé 5 A
11%
2007 - 2010 France GrégoryBourillon 55 D/M
11%
2004 - 2006 Cameroun Jean - HuguesAteba 13 D
11%
2004 - 2006 France StéphanePichot 59 D
11%
2004 - 2005 Bosnie VedadIbisevic 6 A
11%
2007 - 2009 CoteD'Ivoire YannickBoli 4 A
11%
2006 - 2008 France DavidN'Gog 24 A
6%
2005 - 2007 RépubliqueTchèque DavidRozehnal 96 D
6%
2002 - 20032004 - 2005 Portugal FilipeTeixeira 25 M/A
6%
2001 - 2002 France GaelHiroux 7 A
6%
2007 - 20082009 - 2010 RépubliqueDémocratique Du Congo GranddiN'Goyi 36 M
6%
1998 - 2001 France GrégoryPaisley 23 D
6%
2006 - 2009 RépubliqueDémocratique Du Congo LarrysMabiala 13 D
6%
2007 - 2009 France MaximePartouche 3 M
6%
1998 - 2001 France MickaelMadar 46 A
6%
1994 - 19961997 - 2001 France PierreDucrocq 148 M
6%
2003 - 2005 Brésil Reinaldo 78 A
6%
2002 - 2004 France RomainRocchi 34 M
6%
2004 - 2006 Israel RudyHaddad 12 M
6%
2006 - 2007 France SamuelPiètre 2 A
6%
2006 - 20072008 - 2009 RépubliqueDémocratique Du Congo YoussoufMulumbu 22 M
6%
2001- 2003 Brésil AloisioChulapa 78 A
0%
2002 - 2003 RépubliqueDémocratique Du Congo ChiguyLucau 3 A
0%
2001 - 2003 Espagne CristobalParralo 83 D
0%
2004 - 2005 Portugal HelderCristovao 22 D
0%
2005 - 2006 Tunisie HocineRagued 1 M
0%
1998 - 2001 Russie IgorYanovskiy 86 M
0%
2004 - 2006 France Jean - MichelBadiane 15 D
0%
2004 - 2005 CoteD'Ivoire SouleymaneBamba 1 D
0%
2009 - 2010 France WillyGrondin 1 G
0%
Aucun quiz correspondant
Distribution des résultats
% des personnes avec chaque résultat
Percentile par nombre de réponses
Votre historique - résultats
Vous n’avez pas pris ce quiz